Computer Network Administration (Record no. 28460)

MARC details
000 -LEADER
fixed length control field 00416nam a2200169Ia 4500
020 ## - INTERNATIONAL STANDARD BOOK NUMBER
ISBN 9780655534105
050 ## - CALL MARK
Classification number TK 5105.5 .B56/
100 ## - STATEMENT OF RESPONSIBILITY--MAIN AUTHOR NAME
Personal name Blokdyk, Gerardus
245 #0 - TITLE STATEMENT
Title Computer Network Administration
260 ## - PUBLICATION, DISTRIBUTION, ETC. (IMPRINT)
Name of publisher 5STARCooks
260 ## - PUBLICATION, DISTRIBUTION, ETC. (IMPRINT)
Year of publication 2023
300 ## - PHYSICAL DESCRIPTION
Number of Pages 366 p
650 ## - SUBJECT ADDED ENTRY--TOPICAL TERM
Topical Term Computer networks--Management
942 ## - ADDED ENTRY ELEMENTS (KOHA)
Koha item type Books
Holdings
Withdrawn status Lost status Source of classification or shelving scheme Damaged status Not for loan Permanent Location Current Location Shelving location Date acquired Accession Number Price effective from Koha item type
    Library of Congress Classification     NILE UNIVERSITY OF NIGERIA - MAIN LIBRARY NILE UNIVERSITY OF NIGERIA - MAIN LIBRARY Items on shelf 04/23/2025 0196024 04/23/2025 Books